Creer en la reconciliación.
Zapisane w:
| Kolejni autorzy: | , |
|---|---|
| Format: | Nieznany |
| Język: | angielski |
| Wydane: |
Bogotá, D.C., Colombia:
Pontificia Universidad Javeriana,
2014.
|
| Wydanie: | Primera edición. |
| Seria: | Colección Religión, Cultura y Sociedad,
|
| Hasła przedmiotowe: | |
| Etykiety: |
Dodaj etykietę
Nie ma etykietki, Dołącz pierwszą etykiete!
|
MARC
| LEADER | 00000 a2200000 4500 | ||
|---|---|---|---|
| 003 | CL-VaPUC | ||
| 005 | 20230425162841.0 | ||
| 008 | 230417t2014 ||||| |||| 00| 0 eng d | ||
| 999 | |c 439679 |d 439677 | ||
| 020 | |a 978-958-716-730-6 | ||
| 040 | |c Pontificia Universidad Católica de Valparaíso | ||
| 082 | |2 22 |a 234.5 VIJ 2014 | ||
| 100 | |a Vijver, Enrique |9 879275 |e director | ||
| 245 | |a Creer en la reconciliación. | ||
| 250 | |a Primera edición. | ||
| 260 | |a Bogotá, D.C., Colombia: |b Pontificia Universidad Javeriana, |c 2014. | ||
| 300 | |a 215 páginas. | ||
| 490 | |a Colección Religión, Cultura y Sociedad, |n 2014. | ||
| 583 | |k GC |c 20230417 | ||
| 650 | 0 | |9 333649 |a Reconciliación |x Aspectos religiosos |x Conflictos sociales y políticos |z Colombia | |
| 650 | 0 | |9 259242 |a Paz |x Cristianismo |x Solución de conflictos |x Aspectos sociales y políticos |z Colombia | |
| 700 | |9 879277 |a López, Edgar Antonio |e director | ||
| 942 | |2 ddc |c BK | ||
| 952 | |0 0 |1 0 |2 ddc |4 0 |6 234_500000000000000_VIJ_2014 |7 0 |8 A |9 589434 |a BIBTEO |b BIBTEO |c GEN |d 2023-04-05 |e 178 |g 7033.11 |i 5656956 |o 234.5 VIJ 2014 |p 5656956 |r 2025-01-17 |t 1 |v 7033.11 |w 2023-04-05 |y BK |k ICR | ||